00739nam a2200229 a 4500001001300000003000900013005001700022008004100039020002200080082001500102100001600117245010800133260003800241300000800279500003500287650001300322700001600335902000800351942000700359952012600366999001700492nice12345678IN_TiNIC20260116014339.0090727s2004 newa grp 000 0 eng  a8190209418 c2000a294.3bALO aAloysius, G aDalit-Subaltern Emergence in Religion-Cultural Subjectivityb Iyothee Thassar and Emancipatory Buddhism aNew Delhi bCritical Quest c2004 a32p aincludes index and biblioraphy aBuddhism1 aAloysius, G bSRS cBK 001040708StackRoom-aHMIbHMId2009-07-27g20.00l1o294.3 ALOp022818r2016-11-17s2016-11-17v20.00w2009-07-27yBK c14920d14920